000 00772cam a2200265 4500500
005 20260405003507.0
041 _afre
042 _adc
100 1 0 _aGastineau, Nicolas
_eauthor
245 0 0 _a“Considerant” l’invention de la proportionnelle
260 _c2022.
500 _a92
690 _aAssemblée nationale
690 _aConsensus
690 _aDémocratie
690 _aÉlection
690 _aGouvernement
690 _aMajorité
690 _aMathématique
690 _aRationalité
690 _aReprésentation
690 _aScrutin
786 0 _nPhilosophie magazine | 159 | 5 | 2022-05-01 | p. 12-12 | 1951-1787
856 4 1 _uhttps://shs.cairn.info/magazine-philosophie-magazine-2022-5-page-12?lang=fr&redirect-ssocas=7080
999 _c2068077
_d2068077